Statistics for Top 30 World Cities With Four Letters

Click here to take the quiz!

General Stats

  • This quiz has been taken 484 times
  • The average score is 19 of 30

Answer Stats

popcountrycity% Correct
9.95 milPeruLima
99%
3.55 milItalyRome
98%
3.37 milUkraineKiev
97%
1.13 milNorwayOslo
95%
533,000SwitzerlandBern
93%
820,000LatviaRiga
92%
2.08 milQatarDoha
89%
2.43 milAzerbaijanBaku
87%
1.92 milFranceLyon
86%
670,000FranceNice
73%
251,000FijiSuva
73%
372,000South SudanJuba
72%
6.55 milChinaXian
72%
1.68 milTogoLomé
71%
1.76 milPalestineGaza
69%
2.93 milColombiaCali
61%
311,000GermanyBonn
59%
3.62 milEgyptGiza
55%
4.07 milNigeriaKano
55%
6.00 milIndiaPune
55%
800,000CzechiaBrno
53%
2.25 milPhilippinesCebu
49%
653,000ItalyBari
48%
1.54 milJapanKobe
44%
2.03 milIndiaAgra
43%
200,000ItalyPisa
35%
1.74 milMexicoLeón
33%
3.22 milChinaWuxi
22%
3.30 milChinaZibo
19%
2.05 milChinaCixi
15%

Score Distribution

Percentile by Number Answered

Percent of People with Each Score

Your Score History

You have not taken this quiz